Gaudí, Jujol y el modernismo catalán / (Record no. 64249)

MARC details
000 -LEADER
campo de control de longitud fija 00728nam a2200217 i 4500
001 - NÚMERO DE CONTROL
campo de control 64249
003 - IDENTIFICADOR DE NÚMERO DE CONTROL
campo de control ES-MaACL
005 - FECHA Y HORA DE LA ÚLTIMA TRANSACCIÓN
campo de control 20250820124222.0
007 - CAMPO FIJO DE DESCRIPCIÓN FÍSICA--INFORMACIÓN GENERAL
campo de control de longitud fija t|
008 - DATOS DE LONGITUD FIJA--INFORMACIÓN GENERAL
campo de control de longitud fija 031223s1982 sp ||||1| spa d
100 1# - ENTRADA PRINCIPAL--NOMBRE DE PERSONA
Nombre de persona Flores, Carlos.
9 (RLIN) 51255
245 10 - MENCIÓN DEL TÍTULO
Título Gaudí, Jujol y el modernismo catalán /
Mención de responsabilidad, etc. Carlos Flores ; prólogo de George R. Collins.
260 ## - PUBLICACIÓN, DISTRIBUCIÓN, ETC.
Lugar de publicación, distribución, etc. [Madrid] :
Nombre del editor, distribuidor, etc. Aguilar,
Fecha de publicación, distribución, etc. [1982]
300 ## - DESCRIPCIÓN FÍSICA
Extensión 2 v., lám. :
Otras características físicas il. ;
Dimensiones 33 cm.
600 14 - PUNTO DE ACCESO ADICIONAL DE MATERIA--NOMBRE DE PERSONA
Nombre de persona Gaudí, Antoni,
Fechas asociadas al nombre 1852-1926
9 (RLIN) 55994
600 17 - PUNTO DE ACCESO ADICIONAL DE MATERIA--NOMBRE DE PERSONA
Nombre de persona Jujol, Josep Maria,
Fechas asociadas al nombre 1879-1949
Fuente del encabezamiento o término
9 (RLIN) 164300
650 #4 - PUNTO DE ACCESO ADICIONAL DE MATERIA--TÉRMINO DE MATERIA
Término de materia o nombre geográfico como elemento de entrada Arquitectura modernista-
Subdivisión geográfica Cataluña.
9 (RLIN) 139391
700 1# - ENTRADA AGREGADA--NOMBRE PERSONAL
Nombre de persona Collins, George R.
9 (RLIN) 39732
852 ## - LOCALIZACIÓN
Ubicación ES-MaACL
Número de control de estantería L-2627-28
Sublocalización o colección R.103368
Holdings
Estatus retirado Estado de pérdida Estado de daño No para préstamo Biblioteca de origen Biblioteca actual Ubicación en estantería Fecha de adquisición Fuente de adquisición Total de préstamos Signatura topográfica completa Código de barras Visto por última vez Precio de reemplazo Tipo de ítem Koha
        Biblioteca del Ateneo de Madrid Biblioteca del Ateneo de Madrid Depósito 2 17/01/2008     L-2627-28 1067328 23/02/2023 23/02/2023 Libro impreso